<?xml version="1.0" encoding="UTF-8"?>
<record
    xmlns:xsi="http://www.w3.org/2001/XMLSchema-instance"
    xsi:schemaLocation="http://www.loc.gov/MARC21/slim http://www.loc.gov/standards/marcxml/schema/MARC21slim.xsd"
    xmlns="http://www.loc.gov/MARC21/slim">

  <leader>01180nam0a2200265   4500</leader>
  <controlfield tag="001">RU\NLR\b_ik\190568</controlfield>
  <controlfield tag="005">20260405223242.0</controlfield>
  <datafield tag="010" ind1=" " ind2=" ">
    <subfield code="a">978-5-93425-017-2</subfield>
  </datafield>
  <datafield tag="035" ind1=" " ind2=" ">
    <subfield code="a">(NLR Aleph) 002263032</subfield>
  </datafield>
  <datafield tag="090" ind1=" " ind2=" ">
    <subfield code="a">3845855</subfield>
    <subfield code="c">3845855</subfield>
  </datafield>
  <datafield tag="100" ind1=" " ind2=" ">
    <subfield code="a">20110614d2010    |||y0rusy50      ca</subfield>
  </datafield>
  <datafield tag="101" ind1="0" ind2=" ">
    <subfield code="a">fre</subfield>
  </datafield>
  <datafield tag="102" ind1=" " ind2=" ">
    <subfield code="a">RU</subfield>
  </datafield>
  <datafield tag="105" ind1=" " ind2=" ">
    <subfield code="a">ach |||||||||</subfield>
  </datafield>
  <datafield tag="200" ind1="1" ind2=" ">
    <subfield code="a">La vie romanesque d'un aristocrate fran&#xE7;ais du XX-&#xE8;me si&#xE8;cle</subfield>
    <subfield code="f">Laurent de Gouvion Saint-Cyr</subfield>
    <subfield code="g">[pr&#xE9;f., notes - Ludmilla Dmitrievna Perepiolkina]</subfield>
  </datafield>
  <datafield tag="210" ind1=" " ind2=" ">
    <subfield code="a">Saint-Petersbourg</subfield>
    <subfield code="c">Nemtinov</subfield>
    <subfield code="d">cop. 2010</subfield>
  </datafield>
  <datafield tag="215" ind1=" " ind2=" ">
    <subfield code="a">552 c., [6] &#x43B;. &#x438;&#x43B;., &#x444;&#x430;&#x43A;&#x441;., &#x43F;&#x43E;&#x440;&#x442;&#x440;.</subfield>
    <subfield code="d">22</subfield>
  </datafield>
  <datafield tag="541" ind1="0" ind2=" ">
    <subfield code="a">&#x420;&#x43E;&#x43C;&#x430;&#x43D;&#x442;&#x438;&#x447;&#x435;&#x441;&#x43A;&#x430;&#x44F; &#x436;&#x438;&#x437;&#x43D;&#x44C; &#x444;&#x440;&#x430;&#x43D;&#x446;&#x443;&#x437;&#x441;&#x43A;&#x43E;&#x439; &#x430;&#x440;&#x438;&#x441;&#x442;&#x43E;&#x43A;&#x440;&#x430;&#x442;&#x438;&#x438; &#x432; 20-&#x43C; &#x432;&#x435;&#x43A;&#x435;</subfield>
    <subfield code="z">rus</subfield>
  </datafield>
  <datafield tag="606" ind1="1" ind2=" ">
    <subfield code="a">&#x410;&#x440;&#x438;&#x441;&#x442;&#x43E;&#x43A;&#x440;&#x430;&#x442;&#x438;&#x44F;</subfield>
    <subfield code="x">&#x418;&#x441;&#x442;&#x43E;&#x440;&#x438;&#x44F;</subfield>
    <subfield code="y">&#x424;&#x440;&#x430;&#x43D;&#x446;&#x438;&#x44F;</subfield>
    <subfield code="z">20 &#x432;.</subfield>
    <subfield code="9">2626306</subfield>
    <subfield code="3">RU\NLR\AUTH\661562866</subfield>
  </datafield>
  <datafield tag="686" ind1="1" ind2=" ">
    <subfield code="a">&#x422;3(4&#x424;&#x440;)6-286</subfield>
  </datafield>
  <datafield tag="700" ind1=" " ind2="1">
    <subfield code="4">070</subfield>
    <subfield code="8">fre</subfield>
    <subfield code="7">ba</subfield>
    <subfield code="a">Gouvion Saint-Cyr</subfield>
    <subfield code="b">L. de</subfield>
    <subfield code="c">&#x436;&#x443;&#x440;&#x43D;&#x430;&#x43B;&#x438;&#x441;&#x442;, &#x43F;&#x438;&#x441;&#x430;&#x442;&#x435;&#x43B;&#x44C;</subfield>
    <subfield code="f">1915-2011</subfield>
    <subfield code="g">Laurent de</subfield>
    <subfield code="3">RU\NLR\AUTH\77101456</subfield>
    <subfield code="9">84382</subfield>
  </datafield>
  <datafield tag="801" ind1=" " ind2="0">
    <subfield code="a">RU</subfield>
    <subfield code="b">NLR</subfield>
    <subfield code="c">20110614</subfield>
    <subfield code="g">RCR</subfield>
  </datafield>
  <datafield tag="942" ind1=" " ind2=" ">
    <subfield code="c">BOOK</subfield>
  </datafield>
  <datafield tag="980" ind1=" " ind2=" ">
    <subfield code="a">NB</subfield>
  </datafield>
  <datafield tag="995" ind1=" " ind2=" ">
    <subfield code="5">2011-06-14</subfield>
    <subfield code="a">ad</subfield>
    <subfield code="b">NLR01</subfield>
    <subfield code="c">NLR01</subfield>
    <subfield code="e">IF</subfield>
    <subfield code="f">1097374</subfield>
    <subfield code="k">&#x418;&#x43A; 2011-5/402</subfield>
    <subfield code="o">0</subfield>
    <subfield code="r">BOOK</subfield>
    <subfield code="s">_20115402</subfield>
    <subfield code="u"> ;  </subfield>
  </datafield>
</record>
